000 00451nam a2200193Ia 4500
008 210210b1964 xxu||||| |||| 00| 0 eng d
041 _aeng
082 _a954/34
100 _aBASHAM (A L)
245 _aAspects of ancient Indian culture
260 _aBombay
_bAsia Publishing House
_c1964
650 _aof
650 _aIndian
650 _aculture
650 _aAspects
650 _aancient
690 _aIndian History
906 _a025793
999 _c151707
_d151707